02476nam a2200529Ia 4500001000400000008004100004010000800045041001400053082001400067245016900081260001800250300000800268520000600276630002100282630001800303630002700321650006700348690002400415700002900439700004000468901004900508902000600557903003700563904001800600905002700618906000600645907001400651908001400665909004500679910001500724911001000739912001400749913000900763914002900772915001900801916000900820917000900829918001400838919002300852520101400875921000701889922000701896923000601903924001401909942001001923999001301933735241029s9999 xx 000 0 und d a662 aEspañol aNO APLICA 0aNivel De Alfabetización Digital En La Carrera De Enfermería, De La Universidad Adventista Dominicana, Extensión Santo Domingo, Durante El Período 2012-2013. aSanto Domingo a104 a6 aAlfabetización aSalud Escolar aTecnología Educativa aTecnología de la Información y de la Comunicación (TICs) aCopiado sin cambios easesora Amador, Solanyi eautoraTorres Bernard, Elvis Ariel  a{"1":"Torres Bernard"}b{"1":"Elvis Ariel "} a1 a{"1":" Amador"}b{"1":"Solanyi"} aMagíster en aDocencia Universitaria a2 aNO APLICA aNO APLICA aUniversidad Adventista Dominicana (UNAD) aNULLbNULL a["1"] aNO APLICA aNULL a01 de Septiembre de 2013 a17/06/14 08:06 aNULL aNULL aNO APLICA a["12","181","191"] aEl propósito general de esta investigación, es determinar el nivel de alfabetización digital en la carrera de enfermería de la Universidad Adventista Dominicana, extensión SantoDomingo, durante el periodo 2012-2013.Las preguntas de investigación son: ¿Qué habilidades en el uso de las Tecnologías de la Información, poseen los estudiantes que ingresan a la Universidad AdventistaDominicana en su carrera de enfermería? ¿Cuáles son los recursos utilizados por  lumnos y docentes?¿Cuál es la actitud de los estudiantes y docentes frente al uso de la tecnología? ¿De qué forma la universidad, puede ayudar a resolver el problema?La muestra está compuesta por 164 estudiantes y 10 docentes. El método utilizado es descriptivo. La técnica usada es la encuesta. Se concluyó que la mayoría de los encuestados poseen manejo en uso de correo electrónico y tienen actitud positiva hacia la tecnología.  Se recomienda a la universidad cursos talleres extra curriculares. a28 a28 a0 aNO APLICA cTesis c662d662